000 00680nam a22002177a 4500
005 20260408123029.0
010 _aENG-148171
020 _a9788170266440
_c1995.00(Set of 2 Vols)
035 _aEN-131703
037 _bDBAD
082 _a294.59218
100 _aMuller, F. Max
245 _aThe Principal Upanishads/
_cF. Max Muller
250 _a1
260 _aNew Delhi
_bHeritage Publishers
_c2026
270 _a19-A, Ansari Road,Daryaganj, New Delhi
_e110002
_k011-23266258, 23264444
_minfo@heritagepublishers.in
300 _a350p.
_c23cm(hb)
490 _v2
500 _aThe Sacred Books of the East Series-15
942 _2ddc
_cEN
_h294.59218
_mMUL
999 _c215820
_d215820